Giáo trình phân bón và cách bón phân

Αποθηκεύτηκε σε:
Λεπτομέρειες βιβλιογραφικής εγγραφής
Κύριος συγγραφέας: Vũ Hữu Yêm
Μορφή: Βιβλίο
Γλώσσα:Undetermined
Έκδοση: Hà Nội Nông nghiệp 1995
Θέματα:
Ετικέτες: Προσθήκη ετικέτας
Δεν υπάρχουν, Καταχωρήστε ετικέτα πρώτοι!
Thư viện lưu trữ: Trung tâm Học liệu Trường Đại học Cần Thơ
LEADER 00597nam a2200205Ia 4500
001 CTU_39017
008 210402s9999 xx 000 0 und d
082 |a 631.81 
082 |b Y606 
100 |a Vũ Hữu Yêm 
245 0 |a Giáo trình phân bón và cách bón phân 
245 0 |c Vũ Hữu Yêm 
260 |a Hà Nội 
260 |b Nông nghiệp 
260 |c 1995 
526 |a Phân bón và khuyến cáo bón phân 
526 |b NND604 
650 |a fertilizers 
904 |i Liên, 000802 
980 |a Trung tâm Học liệu Trường Đại học Cần Thơ